Laporan ekonomi : economic report 2010/2011.
| Format: | Book |
|---|---|
| Published: |
Putrajaya:
Kementerian kewangan Malaysia,
2010.
|
| LEADER | 00365cam a2200097 7i4500 | ||
|---|---|---|---|
| 001 | 0000025450 | ||
| 005 | 20131217090000.0 | ||
| 245 | 0 | 0 | |a Laporan ekonomi : economic report 2010/2011. |
| 260 | 0 | 0 | |a Putrajaya: |b Kementerian kewangan Malaysia, |c 2010. |
| 999 | |a CDR001019H |b CD-ROM |c AV Collection |e Business Information Centre | ||
| 999 | |a CDR001018H |b CD-ROM |c AV Collection |e Business Information Centre | ||